Classifica Marcatori Paris Saint-Germain All-Time - Statistics

Statistiche generali
  • Questo quiz è stato fatto 49 volte
  • Il punteggio medio è 4 su 10
Statistiche sulle risposte
Gol Nazione Calciatore % Corretto
246 Francia Kylian Mbappé
100%
156 Svezia Zlatan Ibrahimović
98%
200 Uruguay Edinson Cavani
95%
118 Brasile Neymar
88%
93 Argentina Ángel Di María
38%
109 Portogallo Pauleta
26%
100 Francia Dominique Rocheteau
0%
87 Repubblica del Congo François M'Pelé
0%
98 Algeria Mustapha Dahleb
0%
85 Bosnia ed Erzegovina Safet Susic
0%
Nessun quiz corrispondente trovato
Distribuzione punteggi
Percentuale di utenti per punteggio
Percentile per numero di risposta
I tuoi punteggi nel tempo
Non hai fatto questo quiz